Biblioteca y Centro de Documentación

European aquaculture in 1992 (Registro nro. 3083)

Detalles MARC
000 -CABECERA
Longitud fija campo de control 01250nam a2200361 c 4500
001 - NÚMERO DE CONTROL
Número de control 3083
003 - IDENTIFICADOR DE NÚMERO DE CONTROL
Identificador del número de control ES-MaCES
005 - FECHA Y HORA DE LA ÚLTIMA TRANSACCIÓN
Fecha y hora de la última transacción 20160629131846.0
008 - CAMPO FIJO DE DESCRIPCIÓN FIJA--INFORMACIÓN GENERAL
Códigos de información de longitud fija   971211s1992 lu o o||| | eng d
020 ## - ISBN (INTERNATIONAL STANDARD BOOK NUMBER)
Número Internacional Normalizado para Libros (ISBN) 9282642917
035 ## - NÚMERO DE CONTROL DEL SISTEMA
Número de control del sistema CES19980031060m
040 ## - FUENTE DE CATALOGACIÓN
Centro catalogador de origen ES-MaCES
Lengua de catalogación spa
Centro transcriptor ES-MaCES
111 2# - ENCABEZAMIENTO PRINCIPAL--NOMBRE DE REUNIÓN
Nombre de congreso o jurisdicción como elemento de entrada Seminar European Aquaculture in 1992 : Euraqua'92
Fecha del congreso 1991
Sede del congreso Bruselas
9 (RLIN) 101
245 10 - MENCIÓN DE TÍTULO
Título European aquaculture in 1992
Resto del título : Euraqua '92 : Seminar proceedings, Brussels, 30th and 31st May 1991
260 ## - PUBLICACIÓN, DISTRIBUCIÓN, ETC (PIE DE IMPRENTA)
Lugar de publicación, distribución, etc. Luxembourg
Nombre del editor, distribuidor, etc. Office for Official Publications of the European Communities
Fecha de publicación, distribución, etc. 1992
300 ## - DESCRIPCIÓN FÍSICA
Extensión 195 p.
Otras características físicas fot. bl. y n.
Dimensiones 30 cm
500 ## - NOTA GENERAL
Nota general Precede al tít: Commission of the European Communities
500 ## - NOTA GENERAL
Nota general En la port., además: Document
541 ## - NOTA DE LA FUENTE INMEDIANTE DE ADQUISICIÓN
Forma de adquisición Compra
650 #4 - ASIENTO SECUNDARIO DE MATERIA--TÉRMINO DE MATERIA
Término de materia o nombre geográfico como elemento inicial política comunitaria
9 (RLIN) 30776
650 #4 - ASIENTO SECUNDARIO DE MATERIA--TÉRMINO DE MATERIA
Término de materia o nombre geográfico como elemento inicial acuicultura
9 (RLIN) 29721
650 #4 - ASIENTO SECUNDARIO DE MATERIA--TÉRMINO DE MATERIA
Término de materia o nombre geográfico como elemento inicial política pesquera
9 (RLIN) 27610
650 #4 - ASIENTO SECUNDARIO DE MATERIA--TÉRMINO DE MATERIA
Término de materia o nombre geográfico como elemento inicial desarrollo de la industria pesquera
9 (RLIN) 27609
650 #4 - ASIENTO SECUNDARIO DE MATERIA--TÉRMINO DE MATERIA
Término de materia o nombre geográfico como elemento inicial 1992
9 (RLIN) 30809
650 #4 - ASIENTO SECUNDARIO DE MATERIA--TÉRMINO DE MATERIA
Término de materia o nombre geográfico como elemento inicial informe
9 (RLIN) 28986
650 #4 - ASIENTO SECUNDARIO DE MATERIA--TÉRMINO DE MATERIA
Término de materia o nombre geográfico como elemento inicial conferencia
9 (RLIN) 27013
653 10 - TÉRMINO DE INDEXACIÓN--NO CONTROLADO
Término no controlado Pesca
650 #4 - ASIENTO SECUNDARIO DE MATERIA--TÉRMINO DE MATERIA
9 (RLIN) 26752
Término de materia o nombre geográfico como elemento inicial UE
710 2# - ENCABEZAMIENTO SECUNDARIO--NOMBRE CORPORATIVO
9 (RLIN) 2014
Nombre de entidad o nombre de jurisdicción como elemento inicial Comisión de las Comunidades Europeas
902 ## - CES. TIPO DE DOCUMENTO
Tipodoc (006$c Sirtex) LIB Libro
942 ## - ELEMENTOS KOHA
Fuente de clasificaión o esquema Clasificación propia del CES
Koha [por defecto] tipo de item Monografías
Parte de clasificación 5.1.
Existencias
Número de registro Signatura completa Tipo de item de Koha
009061 DPT-11049 Monografías
© CES, Consejo Económico y Social de España 2021